Miasta w Polsce z największą liczbą przestępstw stwierdzonych na 1000 - Statystyki

Ogólne statystyki
  • Ten quiz został rozwiązany 23 razy
  • Średni wynik to 2 z 10
Statystyki odpowiedzi
Rank. Województwo Liczba Miasto % Poprawnych
6. śląskie 69,0 Katowice
76%
1. śląskie 359,3 Mysłowice
38%
9. kujawsko-pomorskie 51,8 Włocławek
38%
10. pomorskie 49,2 Sopot
29%
7. małopolskie 67,8 Nowy Sącz
24%
3. podlaskie 87,6 Grajewo
14%
8. warmińsko-mazurskie 53,7 Gołdap
5%
4. podlaskie 87,6 Rajgród
0%
5. podlaskie 87,6 Szczuczyn
0%
2. kujawsko-pomorskie 94,0 Wąbrzeźno
0%
Nie znaleziono quizów pasujących do podanych kryteriów
Rozkład punktacji
Procent ludzi z każdym wynikiem
Percentyl według liczby udzielonych odpowiedzi
Twoja historia wyników
Nie rozwiązałeś tego quizu